| 000 | 00561nam a2200205Ia 4500 | ||
|---|---|---|---|
| 001 | 8451 | ||
| 003 | GE_BSU | ||
| 008 | 181216s||||||||xx |||||||||||||| ||und|| | ||
| 040 | _cGE_BSU | ||
| 080 | _a821.353.1-11 | ||
| 100 | _aეული, სანდრო | ||
| 245 | _aპოემები. | ||
| 245 | _cპ/მგ. რედ.: გ. ნატროშვილი | ||
| 260 | _aთბილისი. | ||
| 260 | _bსახელგამი. | ||
| 260 | _c1941 | ||
| 300 | _a82 გვ; 17 სმ. | ||
| 653 | _aპოემები. | ||
| 942 | _cBK | ||
| 999 |
_c41770 _d41770 |
||